Consciousness : (Record no. 40917)

MARC details
000 -LEADER
fixed length control field 00880nam a22002537a 4500
005 - DATE AND TIME OF LATEST TRANSACTION
control field 20100811120421.0
010 ## - LCCN (DPL NO)
LC control number ENG-99696
020 ## - INTERNATIONAL STANDARD BOOK NUMBER
International Standard Book Number 9788187332510
Terms of availability 200.00
020 ## - INTERNATIONAL STANDARD BOOK NUMBER
International Standard Book Number 8187332514
Terms of availability 200.00
035 ## - SYSTEM CONTROL NUMBER
System control number EN-83228
037 ## - SOURCE OF ACQUISITION
Source of stock number/acquisition DBAD/PUB
082 ## - DEWEY DECIMAL CLASSIFICATION NUMBER
Classification number 126
245 ## - TITLE STATEMENT
Title Consciousness :
Remainder of title a deeper scientific search /
Statement of responsibility, etc edited by Jonathan Shear [and] S.P. Mukherjee
260 ## - PUBLICATION, DISTRIBUTION, ETC. (IMPRINT)
Place of publication, distribution, etc Kolkatta
Name of publisher, distributor, etc The Ramakrishna Mission Institute Of Culture
Date of publication, distribution, etc 2006
270 ## - ADDRESS
Address Gol Park
City Kolkatta
Postal code 700029
300 ## - PHYSICAL DESCRIPTION
Extent x,538p.:
Other physical details ill.
Dimensions 22cm (pbk)
Accompanying material photos
650 ## - SUBJECT ADDED ENTRY--TOPICAL TERM
Topical term or geographic name as entry element Consciousness
650 ## - SUBJECT ADDED ENTRY--TOPICAL TERM
Topical term or geographic name as entry element Self -realization
650 ## - SUBJECT ADDED ENTRY--TOPICAL TERM
Topical term or geographic name as entry element Philosophy & science
700 ## - ADDED ENTRY--PERSONAL NAME
Personal name Shear, Jonathan
9 (RLIN) 10769
700 ## - ADDED ENTRY--PERSONAL NAME
Personal name Mukherjee, S.P.
9 (RLIN) 10770
942 ## - ADDED ENTRY ELEMENTS (KOHA)
Source of classification or shelving scheme Dewey Decimal Classification
Item type English Books
Classification part 126
Call number suffix CON
Holdings
Withdrawn status Lost status Not for loan Collection code Home library Current library Date acquired Source of acquisition Cost, normal purchase price Barcode Copy number Cost, replacement price Koha item type
    Not For Loan Non-fiction D.B.Act.Division D.B.Act.Division 11/08/2010 DBAD/PUB 200.00 EN-83228 1 200.00 English Books

© Delhi Public Library
Hit Counter
free hit counter